| 000 | 00929nam a22002177a 4500 | ||
|---|---|---|---|
| 003 | OSt | ||
| 005 | 20260216152116.0 | ||
| 008 | 260213b |||||||| |||| 00| 0 eng d | ||
| 040 | _c0 | ||
| 082 | _aDPer 796.07 J826 January-October 2023 v. 42 n. 1-4 | ||
| 100 |
_aDervent, Fatih. _eauthor. _969741 |
||
| 245 |
_aEffects of Situated Game Teaching Through Set Plays on Middle School Students' Soccer Skills and Game Performance / _cFatih Dervent, Weidong Li, Nazim Nayir, and Erhan Devrilmez. |
||
| 260 |
_aChampaign, IL ; _bHuman Kinetics, Inc. , _cJuly 2023. |
||
| 300 |
_aVolume 42, pages 410-419 : _billustration ; _c29 cm. |
||
| 500 | _aJournal of Teaching in Physical Education, vol. 42 no. 3, pages 410-419, July 2023. | ||
| 700 |
_aDervent, Fatih. _eauthor. _969741 |
||
| 700 |
_aLi, Weidong. _eauthor. _969742 |
||
| 700 |
_aNayir, Nazim. _eauthor. _969743 |
||
| 700 |
_aDevrilmez, Erhan. _eauthor. _969744 |
||
| 942 |
_2ddc _cPER |
||
| 999 |
_c24329 _d24329 |
||